Statystyki dla Jednostki i Szczegóły w Disciples II

Kliknij tutaj aby rozwiązać quiz!

Ogólne statystyki

  • Ten quiz został rozwiązany 8 razy
  • Średni wynik to 8 z 15

Statystyki odpowiedzi

ZagadnienieOdpowiedź% Poprawnych
Która z poniższych jednostek jest poziomu pierwszego?Giermek
100%
Która z poniższych jednostek zajmuje dwa pola?Niedźwiedź
100%
Która z poniższych jednostek jest poziomu drugiego?Zombi
75%
Jak nazywa się artefakt który wysyssa doświadczenie?Ostrze Zmory
63%
Która z poniższych jednostek jest poziomu czwartego?Sukuba
63%
Która z poniższych jednostek jest poziomu trzeciego?Weteran
63%
Która z poniższych jednostek posiada najwyższą inicjatywę?Wódz Zbirów
63%
Która rasa podczas pierwszych wielkich wojen doznała straszliwą klęske?Górskie Klany
50%
Co mówi Złodziej Imperium?Nie naciskaj!
50%
Którę imię jednostki powtarza się dwukrotnie?Wojownik
50%
Jak nazywa się czar który niszczy wrogą rózgę?Zapadnięcie
50%
Która z poniższych specjalnych (neutralnych) jednostek powtarza się w niejednej kampanii?Asteroth, Hubert De Layle
38%
Po najściu dodatków do Mrocznego Proroctwa niektóre portrety zostały zmienione, które jednostki mają zmieniony wygląd na obrazkach?Zmora, Troll, Ghoul, Chochlik, Wilk
38%
Która drużyna najlepiej popisałaby sie w walce?Wilk, Traper, Wyznawca
25%
Która z poniższych jednostek jest poziomu piątego?Grabieżca
0%

Rozkład punktacji

Percentyl według liczby udzielonych odpowiedzi

Procent ludzi z każdym wynikiem

Twoja historia wyników

Nie rozwiązałeś tego quizu